000 00906cam a2200193 4500
001 WS122888
008 030702n 000 0 eng u
035 _a(Sirsi) u122888
110 _aScottish Enterprise
_92731
245 _aSmall Business Gateway
520 _aWeb site for this service which provides a single access point to a range of integrated services for small businesses in Scotland. Outlines the services they offer including a business information service, business start up service, high growth start up service and business growth service. Includes pages aimed at new and established companies and fact sheets.
650 _aBUSINESS START-UPS
650 _aFINANCE
650 _aSMALL BUSINESSES
650 _aSELF EMPLOYMENT
690 _aMANAGEMENT-BUSINESS MANAGEMENT
856 4 0 _uhttps://www.bgateway.com/
_zView the website free of charge at www.bgateway.com/...
942 _n0
999 _c120299
_d120299